000
00244nam a2200109Ia 4500
005
20251222143113.0
008
251222s9999||||xx |||||||||||||| ||spa||
082
_a
985.04/V18
100
_a
Valcarcel, Daniel
245
0
_a
El PerĂº:
942
_c
LIB
999
_c
11245
_d
11245